| 000 | 00584nam a2200229 a 4500 | ||
|---|---|---|---|
| 999 |
_c2050 _d2050 |
||
| 001 | 2050 | ||
| 003 | BD-JhCC | ||
| 005 | 20230202134024.0 | ||
| 008 | 171029b19701985n |||| || | 001 0 eng d | ||
| 020 | _a9780671708269 | ||
| 035 | _a(BD-JhCC)2050 | ||
| 040 |
_aBD-JhCC _dBD-JhCC |
||
| 041 | _aeng | ||
| 082 |
_a158.1 _bCAR 1985 |
||
| 100 | _aCarnegie, Dale | ||
| 245 |
_aHow to Enjoy Your Life and Your Job / _cDale Carnegie, |
||
| 260 |
_aNew York : _bPocket Books, _c1985 |
||
| 300 |
_a220 p. : _c20 cm. |
||
| 650 | _aConduct of Life | ||
| 942 |
_2ddc _cBK _011 |
||